Statistics for Countries that Beat Kazakhstan

Click here to take the quiz!

General Stats

  • This quiz has been taken 32 times
  • The average score is 7 of 8

Answer Stats

RankCategoryCountries% Correct
3Largest country in AsiaChina | India
100%
4Most populous former Soviet stateRussia | Uzbekistan | Ukraine
97%
2Largest transcontinental countryRussia
94%
3Largest number of desertsChina | Pakistan
90%
6Most populous landlocked countryEthiopia | Uzbekistan | Afghanistan | Uganda | Nepal
90%
2Least densely populated Asian countryMongolia
90%
2Country with most Russian immigrantsUkraine
81%
3Least Muslim Muslim-majority country in AsiaLebanon | Malaysia
71%

Score Distribution

Percentile by Number Answered

Percent of People with Each Score

Your Score History

You have not taken this quiz